000 00755cam a2200253 4500
001 a4554005
003 CO-ViMGA
005 20230915224410.0
008 090623s2009 sp | |||| 000 f spa
020 _a9788498721416
040 _aCO-ViMGA
_bspa
_cCO-ViMGA
041 1 _hfre
082 _a843.91 D786v1
_bD786v1
100 1 _aDruon, Maurice
_d1918-2009
_92397
240 1 4 _aLes poisons de la couronne
_lEspañol
245 1 4 _aLos venenos de la corona
_h[Texto impreso]
_cMaurice Druon ; [traducción, Maria Guadalupe Orozco Bravo]
250 _a1a. ed.
260 _aBarcelona
_bZeta
_c2009
300 _a270 p.
_c20 cm
490 1 _aLos reyes malditos
_v3
490 1 _aZeta histórica
_v91
650 1 4 _aNovela francesa
_92398
942 _2ddc
_cBK
999 _c11699
_d11699